Geschichte der Philosophie in Text und Darstellung. Band 6, Deutscher Idealismus /

Další autoři: Bubner, Rüdiger, 1941-2007
Jazyk: Němčina
Vydáno: Stuttgart : Ph. Reclam jun., 1983
Edice: Universal-Bibliothek
Fyzický popis: 443 s.
Knihy
Uloženo v:
LEADER 00828nam a2200253 a 4500
001 000246384
003 CZ BrMZK
005 20200131074927.0
007 ta
008 950101s1983 gw f 000 0 ger d
040 |a BOA001  |b cze 
080 |a 1 
080 |a 141.13(091) 
245 0 0 |a Geschichte der Philosophie in Text und Darstellung.  |n Band 6,  |p Deutscher Idealismus /  |c herausgegeben von Rüdiger Bubner 
246 3 0 |a Deutscher Idealismus 
260 |a Stuttgart :  |b Ph. Reclam jun.,  |c 1983 
300 |a 443 s. 
490 1 |a Universal-Bibliothek ;  |v 9916 
700 1 |a Bubner, Rüdiger,  |d 1941-2007  |7 kup20030000115590  |4 edt 
830 0 |a Universal-Bibliothek 
910 |a BOA001  |b 1-0890.074,6 
990 |a BK 
991 |b 200710 
996 7 |b 2619794777  |c 1-0890.074,6  |l MZK  |r Sklad / do 1 hodiny  |n 2  |w 000246384  |u 000010  |a 1  |e BOA001  |j MZK50  |s A